Capitali Difficili - Click - Statistics

Statistiche generali
  • Questo quiz è stato fatto 30 volte
  • Il punteggio medio è 49 su 86
Statistiche sulle risposte
Hint Risposta % Corretto
Nepal Kathmandu
95%
Kazakistan Astana
89%
Venezuela Caracas
89%
El Salvador San Salvador
89%
Uruguay Montevideo
84%
Vietnam Hanoi
79%
Costa Rica San José
79%
Mongolia Ulan Bator
79%
Eritrea Asmara
74%
Oman Mascate
74%
Liberia Monrovia
74%
Suriname Paramaribo
74%
Haiti Port-au-Prince
74%
Laos Vientiane
74%
Somalia Mogadiscio
68%
Sri Lanka Sri Jayawardenepura Kotte
68%
Nicaragua Managua
63%
Ciad N'Djamena
63%
Capo Verde Praia
63%
Yemen Sana'a
63%
Honduras Tegucigalpa
63%
Bhutan Thimphu
63%
Namibia Windhoek
63%
Nigeria Abuja
58%
Brunei Bandar Seri Begawan
58%
Repubblica del Congo Brazzaville
58%
Saint Lucia Castries
58%
Botswana Gaborone
58%
Sudan Khartum
58%
Repubblica Democratica del Congo Kinshasa
58%
Malawi Lilongwe
58%
Togo Lomé
58%
Bahrein Manama
58%
Mozambico Maputo
58%
Swaziland Mbabane
58%
Myanmar Naypyidaw
58%
Mauritania Nouakchott
58%
Burkina Faso Ouagadougou
58%
Cambogia Phnom Penh
58%
Papua Nuova Guinea Port Moresby
58%
Trinidad e Tobago Port of Spain
58%
Benin Porto-Novo
58%
Antigua e Barbuda Saint John's
58%
Figi Suva
58%
Seychelles Victoria
58%
Costa d'Avorio Yamoussoukro
58%
Camerun Yaoundé
58%
Mali Bamako
53%
Repubblica Centrafricana Bangui
53%
Kirghizistan Bishkek
53%
Barbados Bridgetown
53%
Guinea Conakry
53%
Timor Est Dili
53%
Sierra Leone Freetown
53%
Guyana Georgetown
53%
Sudan del Sud Giuba
53%
Zimbabwe Harare
53%
Uganda Kampala
53%
Ruanda Kigali
53%
Gabon Libreville
53%
Comore Moroni
53%
Niger Niamey
53%
Dominica Roseau
53%
Turkmenistan Ashgabat
47%
Tanzania Dodoma
47%
Burundi Gitega
47%
Isole Salomone Honiara
47%
Lesotho Maseru
47%
Tonga Nukuʻalofa
47%
Mauritius Port Louis
47%
Vanuatu Port Vila
47%
Uzbekistan Tashkent
47%
Samoa Apia
42%
Gambia Banjul
42%
Tagikistan Dušanbe
42%
Zambia Lusaka
42%
Isole Marshall Majuro
42%
Grenada Saint George's
42%
Kiribati Tarawa Sud
42%
Nauru Yaren
42%
Saint Kitts e Nevis Basseterre
37%
Guinea Equatoriale Ciudad de la Paz
37%
Tuvalu Funafuti
37%
Palau Ngerulmud
37%
Stati Federati di Micronesia Palikir
37%
Saint Vincent e Grenadine Kingstown
32%
Nessun quiz corrispondente trovato
Distribuzione punteggi
Percentuale di utenti per punteggio
Percentile per numero di risposta
I tuoi punteggi nel tempo
Non hai fatto questo quiz